000 00568nam a2200217Ia 4500
003 OSt
005 20220924113218.0
006 a|||||r|||| 00| 0
007 ta
008 220923b |||||||| |||| 00| 0 urd d
024 _a43365
037 _cDictionary
040 _aARTS
_cARTS
_burd
041 _2urd
_aurd
082 _aNA251,8(Q7), 168F4
100 _aBeg Mirza Aaftab
_9169718
245 0 _aRehnuma maqamat -e- muqaddas
260 _c1924
942 _hNA251,8(Q7), 168F4
_cdic
_2cc
999 _c389583
_d389583